Law relating to societies registration : (Record no. 77427)

MARC details
000 -LEADER
fixed length control field 00951nam a22002417a 4500
005 - DATE AND TIME OF LATEST TRANSACTION
control field 20140724112838.0
010 ## - LCCN (DPL NO)
LC control number ENG-107963
020 ## - INTERNATIONAL STANDARD BOOK NUMBER
Terms of availability 750.00
International Standard Book Number 9789350352816
035 ## - SYSTEM CONTROL NUMBER
System control number EN-91496
035 ## - SYSTEM CONTROL NUMBER
System control number B-527687-698
037 ## - SOURCE OF ACQUISITION
Source of stock number/acquisition DBAD/PUB
037 ## - SOURCE OF ACQUISITION
Source of stock number/acquisition Star Pub/Ven
Stock number dpl
082 ## - DEWEY DECIMAL CLASSIFICATION NUMBER
Classification number 346.5406
100 ## - MAIN ENTRY--PERSONAL NAME
Personal name Parameswaran, S.
245 00 - TITLE STATEMENT
Title Law relating to societies registration :
Statement of responsibility, etc by S.Parameswaran
Remainder of title An exhaustive commentary on the societies registration Act,1860 along with state amendments and state rules /
250 ## - EDITION STATEMENT
Edition statement 2nd ed
260 ## - PUBLICATION, DISTRIBUTION, ETC. (IMPRINT)
Place of publication, distribution, etc Delhi
Name of publisher, distributor, etc Universal Law Publishing Co.
Date of publication, distribution, etc 2013
270 ## - ADDRESS
Address C-FF-1A, Dilkhus Industrial Estate, (Near Azadpur Metro Station) G.T. Karnal Road,
City Delhi
Postal code 110033
300 ## - PHYSICAL DESCRIPTION
Extent xxxvi,608p.
Dimensions 28cm(Hb)
500 ## - GENERAL NOTE
General note Includes subject index
942 ## - ADDED ENTRY ELEMENTS (KOHA)
Source of classification or shelving scheme Dewey Decimal Classification
Item type English Books
Call number suffix PAR
Classification part 346.5406
Holdings
Withdrawn status Lost status Not for loan Collection code Home library Current library Date acquired Source of acquisition Cost, normal purchase price Full call number Barcode Copy number Cost, replacement price Koha item type
      Non-fiction Central Jail Tihar Central Jail Tihar 24/07/2014 Star Pub/3200/29.10.2013/37/12.10.2013/29.10.2013 750.00 346.5406 PAR B-527693 1 750.00 English Books
      Non-fiction Central Library Central Library 24/07/2014 Star Pub/3200/29.10.2013/37/12.10.2013/29.10.2013 750.00 346.5406 PAR B-527687 1 750.00 English Books
    Not For Loan Reference Central Library Central Library 24/07/2014 Star Pub/3200/29.10.2013/37/12.10.2013/29.10.2013 750.00 346.5406 PAR B-527688 1 750.00 English Books
    Not For Loan Non-fiction D.B.Act.Division D.B.Act.Division 12/07/2013 DBAD/PUB 750.00 PAR EN-91496 1 750.00 English Books
      Non-fiction Diz Area Diz Area 24/07/2014 Star Pub/3200/29.10.2013/37/12.10.2013/29.10.2013 750.00 346.5406 PAR B-527694 1 750.00 English Books
      Non-fiction Janak Puri Janak Puri 24/07/2014 Star Pub/3200/29.10.2013/37/12.10.2013/29.10.2013 750.00 346.5406 PAR B-527695 1 750.00 English Books
      Non-fiction Karol Bagh Karol Bagh 24/07/2014 Star Pub/3200/29.10.2013/37/12.10.2013/29.10.2013 750.00 346.5406 PAR B-527696 1 750.00 English Books
      Non-fiction Kasturba Gandhi Marg Kasturba Gandhi Marg 24/07/2014 Star Pub/3200/29.10.2013/37/12.10.2013/29.10.2013 750.00 346.5406 PAR B-527690 1 750.00 English Books
      Non-fiction Patel Nagar Patel Nagar 24/07/2014 Star Pub/3200/29.10.2013/37/12.10.2013/29.10.2013 750.00 346.5406 PAR B-527689 1 750.00 English Books
      Non-fiction Peshwa Road Peshwa Road 24/07/2014 Star Pub/3200/29.10.2013/37/12.10.2013/29.10.2013 750.00 346.5406 PAR B-527691 1 750.00 English Books
      Non-fiction R.C.Libraries (BL-I) R.C.Libraries (BL-I) 24/07/2014 Star Pub/3200/29.10.2013/37/12.10.2013/29.10.2013 750.00 346.5406 PAR B-527698 1 750.00 English Books
      Non-fiction Shahdara Branch Shahdara Branch 24/07/2014 Star Pub/3200/29.10.2013/37/12.10.2013/29.10.2013 750.00 346.5406 PAR B-527697 1 750.00 English Books
      Non-fiction Tri Nagar Tri Nagar 24/07/2014 Star Pub/3200/29.10.2013/37/12.10.2013/29.10.2013 750.00 346.5406 PAR B-527692 1 750.00 English Books

© Delhi Public Library
Hit Counter
free hit counter